000 01205nam0a2200325 4500
001 RU\NLR\bibl\1671318
005 20250616044500.0
035 _a(NLR Aleph) 001662576
090 _a990993
_c990993
100 _a20100903d2010 |||y0rusy50 ca
101 0 _arus
102 _aRU
105 _aa |||||||||
200 1 _aЗоопарк. Вот он - Я! А кто - Я?
_e[стихи]
_fЕвгения Соловьева
_g[рис.: Е.А. Соловьева]
210 _aСанкт-Петербург
_c[б. и.]
_d2010
215 _a35 с.
_cил.
_d21
316 _aС автогр. авт.
_5NLR
316 _aавтограф
_5NLR:2010-4/11025
517 0 _aВот он - Я!
517 0 _aА кто - Я?
686 _aШ9(2)60=Р7-5
700 1 _4070
_aСоловьёва
_bЕ. А.
_cхудожник-иллюстратор
_gЕвгения А.
_9210612
_3RU\NLR\AUTH\770210668
702 1 _4040
_aСоловьёва
_bЕ. А.
_cхудожник-иллюстратор
_gЕвгения А.
_9210612
_3RU\NLR\AUTH\770210668
801 0 _aRU
_bNLR
_c20100903
_gRCR
801 1 _aRU
_bNLR
_c20100903
942 _cBOOK
980 _aNB